Motivating students in quantitatively oriented classes
Motivácia študentov pri vyučovaní. Vyučovanie využitia nového softvéru. Vyučovanie študentov s rôznou vedomostnou úrovňou.
Saved in:
| Main Author: | |
|---|---|
| Format: | Book Chapter |
| Language: | English |
| Subjects: | |
| Tags: |
No Tags, Be the first to tag this record!
|
MARC
| LEADER | 00000naa$a2200000$$$4500 | ||
|---|---|---|---|
| 001 | 0053040 | ||
| 005 | 20240502083136.5 | ||
| 041 | 0 | |a eng | |
| 044 | |a HU | ||
| 245 | 1 | 0 | |a Motivating students in quantitatively oriented classes |c Nora Mikušová |
| 520 | |a Motivácia študentov pri vyučovaní. Vyučovanie využitia nového softvéru. Vyučovanie študentov s rôznou vedomostnou úrovňou. | ||
| 610 | 2 | 0 | |a študenti |
| 610 | 2 | 0 | |a motivácia |
| 610 | 2 | 0 | |a vyučovanie |
| 610 | 2 | 0 | |a softvér |
| 610 | 2 | 0 | |a Ekonomická univerzita v Bratislave |
| 100 | 1 | |a Mikušová, Nora, 1978- | |